<?xml version="1.0" encoding="UTF-8"?>
<record
    xmlns:xsi="http://www.w3.org/2001/XMLSchema-instance"
    xsi:schemaLocation="http://www.loc.gov/MARC21/slim http://www.loc.gov/standards/marcxml/schema/MARC21slim.xsd"
    xmlns="http://www.loc.gov/MARC21/slim">

  <leader>01465    a2200205   4500</leader>
  <controlfield tag="008">140829b        xxu||||| |||| 00| 0 eng d</controlfield>
  <datafield tag="020" ind1=" " ind2=" ">
    <subfield code="a">8495005107</subfield>
  </datafield>
  <datafield tag="082" ind1=" " ind2=" ">
    <subfield code="a">708</subfield>
    <subfield code="b">M181d</subfield>
  </datafield>
  <datafield tag="100" ind1=" " ind2=" ">
    <subfield code="a">Maderuelo, Javier et all</subfield>
    <subfield code="9">1424</subfield>
  </datafield>
  <datafield tag="110" ind1=" " ind2=" ">
    <subfield code="a">Diputaci&#xF3;n de Huesca y Universidad de Zaragoza</subfield>
    <subfield code="9">1425</subfield>
  </datafield>
  <datafield tag="245" ind1=" " ind2=" ">
    <subfield code="a">Desde la ciudad </subfield>
    <subfield code="b">Arte y Naturaleza. Huesca,1998</subfield>
    <subfield code="c">Javier Maderuelo et all</subfield>
  </datafield>
  <datafield tag="260" ind1=" " ind2=" ">
    <subfield code="a">Huesca, Espa&#xF1;a</subfield>
    <subfield code="b">Huesca</subfield>
    <subfield code="c">1998</subfield>
  </datafield>
  <datafield tag="300" ind1=" " ind2=" ">
    <subfield code="a">262 p </subfield>
    <subfield code="b">ill. col</subfield>
    <subfield code="c">24 cm</subfield>
  </datafield>
  <datafield tag="440" ind1=" " ind2=" ">
    <subfield code="v">Vol. 4</subfield>
    <subfield code="9">1426</subfield>
  </datafield>
  <datafield tag="505" ind1=" " ind2=" ">
    <subfield code="t">Desde la ciudad, Javier Maderuelo. La ciudad como espacio de aventura y innovaci&#xF3;n social, Mario Gaviria. Del escenario de la ciudad al Paisaje urbano, Javier Maderuela.  La forma del habitar colectivo: el poder en (la) forma. Italo calvino o la visibilidad en las ciudades de la escritura, Mar&#xED;a Josefa Calvo Montoro. Gritos amargos sobre la ciudad, Horacio Capel. Desde la ciudad hacia la metr&#xF3;poli, Antonio Fern&#xE1;ndez Alba. A la sombra de una ciudad en flor, Chus Tudelilla. Una arcadia para todos: Evoluci&#xF3;n del parque publico, Angela Souto. Espacios Espectrales: Realidad y ficcion en la arquitectura de la imagen. Daniel Canogar. Naturalez y Metropoli, conciliaci&#xF3;n y conflicto. Carlos Garc&#xED;a V&#xE1;zquez. Lugares y no lugares Marc Aug&#xE9;.   </subfield>
  </datafield>
  <datafield tag="650" ind1=" " ind2=" ">
    <subfield code="a">Arte Publico</subfield>
    <subfield code="x">EarthWorks art, site specific </subfield>
    <subfield code="9">1427</subfield>
  </datafield>
  <datafield tag="655" ind1=" " ind2=" ">
    <subfield code="a">Arte publico</subfield>
    <subfield code="9">1428</subfield>
  </datafield>
  <datafield tag="700" ind1=" " ind2=" ">
    <subfield code="a">Javier Maderuelo et all</subfield>
    <subfield code="9">1429</subfield>
  </datafield>
  <datafield tag="710" ind1=" " ind2=" ">
    <subfield code="a">Diputaci&#xF3;n de Huesca y Universidad de Zaragoza</subfield>
    <subfield code="9">1430</subfield>
  </datafield>
  <datafield tag="999" ind1=" " ind2=" ">
    <subfield code="c">305</subfield>
    <subfield code="d">305</subfield>
  </datafield>
  <datafield tag="952" ind1=" " ind2=" ">
    <subfield code="0">0</subfield>
    <subfield code="1">0</subfield>
    <subfield code="2">ddc</subfield>
    <subfield code="4">0</subfield>
    <subfield code="7">0</subfield>
    <subfield code="a">LV</subfield>
    <subfield code="b">LV</subfield>
    <subfield code="c">Pensamiento</subfield>
    <subfield code="d">2014-08-29</subfield>
    <subfield code="l">0</subfield>
    <subfield code="o">708 M181d</subfield>
    <subfield code="p">000327</subfield>
    <subfield code="r">2014-08-29 00:00:00</subfield>
    <subfield code="w">2014-08-29</subfield>
    <subfield code="y">01</subfield>
  </datafield>
</record>
